Developing software with UML: object-oriented analysis and design in practice

Furkejuvvon:
Bibliográfalaš dieđut
Váldodahkki: Oestereich, Bernd (Dahkki)
Materiálatiipa: Girji
Giella:eaŋgalasgiella
Almmustuhtton: Essex Addison-Wesley 1999
Ráidu:Object Technology Series
Fáttát:
Fáddágilkorat: Lasit fáddágilkoriid
Eai fáddágilkorat, Lasit vuosttaš fáddágilkora!

MARC

LEADER 00000nam a2200000 a 4500
001 UCM2301
003 CL-VaPUC
008 020503e19990000UK |||||||||||||||||eng|d
082 0 4 |a 005.117  |b OES  |2 21 
100 0 |a Oestereich, Bernd  |e author  |9 469030 
245 1 0 |a Developing software with UML: object-oriented analysis and design in practice 
300 |a 321 p 
942 |c BK 
945 |d 20020503 00:00:00  |a vberengu 
260 |a Essex  |b Addison-Wesley  |c 1999 
650 0 |a Programación orientada al objeto  |9 387863 
650 7 |a UML  |2 CL-VaPUC  |9 469031 
583 |a last modification  |c 20130419 09:49:27  |k Rodrigo Vera 
490 0 |a Object Technology Series 
999 |c 300210  |d 300208 
952 |0 0  |1 0  |4 0  |6 005_117000000000000_OES_1999  |7 0  |8 A  |9 357663  |a BIBING  |b BIBING  |d 2019-11-21  |i 381131K  |o 005.117 OES 1999  |p 381131K  |r 2025-01-20  |w 2019-11-21  |y BK  |k EII